Library of the University of Algiers 3
Ibrahim Sultan Cheibout
شعار جامعة الجزائر 3
مكتبة جامعة الجزائر 3
إبراهيم سلطان شيبوط

إعادة هندسة العمليات وهيكلة الشركات للتعامل مع العولمة والحروب التجارية الجديدة / (رقم التسجيلة. 45528)

تفاصيل مارك
000 -LEADER
fixed length control field 00974nam a2200217Ia 4500
003 - CONTROL NUMBER IDENTIFIER
control field Ost
005 - DATE AND TIME OF LATEST TRANSACTION
control field 20260507075648.0
008 - FIXED-LENGTH DATA ELEMENTS--GENERAL INFORMATION
fixed length control field 260507s9999||||xx |||||||||||||| ||und||
020 ## - INTERNATIONAL STANDARD BOOK NUMBER
International Standard Book Number 5086102977
040 ## - CATALOGING SOURCE
Transcribing agency fsecg
041 ## - LANGUAGE CODE
Language code of text/sound track or separate title ara
082 ## - DEWEY DECIMAL CLASSIFICATION NUMBER
Classification number 658.406
100 ## - MAIN ENTRY--PERSONAL NAME
Personal name النجار، فريد
Relator term مؤلف
245 #0 - TITLE STATEMENT
Title إعادة هندسة العمليات وهيكلة الشركات للتعامل مع العولمة والحروب التجارية الجديدة /
Statement of responsibility, etc. فريد النجار
260 ## - PUBLICATION, DISTRIBUTION, ETC.
Place of publication, distribution, etc. القاهرة:
Name of publisher, distributor, etc. دار طيبة للنشر والتوزيع,
Date of publication, distribution, etc. 2004
300 ## - PHYSICAL DESCRIPTION
Extent 265 صفحة؛
Other physical details إيضاحات ؛
Dimensions 24 سم
520 ## - SUMMARY, ETC.
Summary, etc. العولمة الإقتصادية والتجارية والثقافية- تحديات العولمة للإقتصاديات العربية- آليات التعامل مع العولمة.
653 ## - INDEX TERM--UNCONTROLLED
Uncontrolled term العولمة- الجوانب الإقتصادية
653 ## - INDEX TERM--UNCONTROLLED
Uncontrolled term هيكلة الشركات
942 ## - ADDED ENTRY ELEMENTS (KOHA)
Koha item type كتب
المقتنيات
Withdrawn status Lost status Source of classification or shelving scheme Damaged status Not for loan Home library Current library Date acquired Serial enumeration / chronology Inventory number Total checkouts Full call number Barcode Date last seen Price effective from Koha item type
    Dewey Decimal Classification   Available مكتبة كلية العلوم الإقتصادية والعلوم التجارية وعلوم التسيير مكتبة كلية العلوم الإقتصادية والعلوم التجارية وعلوم التسيير 07/05/2026 الطابق الأرضي 1658/1   أ/1658ن1 1658/1 07/05/2026 07/05/2026 كتب
    Dewey Decimal Classification   Available مكتبة كلية العلوم الإقتصادية والعلوم التجارية وعلوم التسيير مكتبة كلية العلوم الإقتصادية والعلوم التجارية وعلوم التسيير 07/05/2026 الطابق الأرضي 1658/2   أ/1658ن2 1658/2 07/05/2026 07/05/2026 كتب
    Dewey Decimal Classification   Available مكتبة كلية العلوم الإقتصادية والعلوم التجارية وعلوم التسيير مكتبة كلية العلوم الإقتصادية والعلوم التجارية وعلوم التسيير 07/05/2026 الطابق الأرضي 1658/3   أ/1658ن3 1658/3 07/05/2026 07/05/2026 كتب
    Dewey Decimal Classification   Available مكتبة كلية العلوم الإقتصادية والعلوم التجارية وعلوم التسيير مكتبة كلية العلوم الإقتصادية والعلوم التجارية وعلوم التسيير 07/05/2026 الطابق الأرضي 1658/4   أ/1658ن4 1658/4 07/05/2026 07/05/2026 كتب
    Dewey Decimal Classification   Available مكتبة كلية العلوم الإقتصادية والعلوم التجارية وعلوم التسيير مكتبة كلية العلوم الإقتصادية والعلوم التجارية وعلوم التسيير 07/05/2026 الطابق الأرضي 1658/5   أ/1658ن5 1658/5 07/05/2026 07/05/2026 كتب
    Dewey Decimal Classification   Available مكتبة كلية العلوم الإقتصادية والعلوم التجارية وعلوم التسيير مكتبة كلية العلوم الإقتصادية والعلوم التجارية وعلوم التسيير 07/05/2026 الطابق الثاني 1658/6   أ/1658ن6 1658/6 07/05/2026 07/05/2026 كتب
    Dewey Decimal Classification   Available مكتبة كلية العلوم الإقتصادية والعلوم التجارية وعلوم التسيير مكتبة كلية العلوم الإقتصادية والعلوم التجارية وعلوم التسيير 07/05/2026 الطابق الثاني 1658/7   أ/1658ن7 1658/7 07/05/2026 07/05/2026 كتب
    Dewey Decimal Classification   Available مكتبة كلية العلوم الإقتصادية والعلوم التجارية وعلوم التسيير مكتبة كلية العلوم الإقتصادية والعلوم التجارية وعلوم التسيير 07/05/2026 الطابق الثاني 1658/8   أ/1658ن8 1658/8 07/05/2026 07/05/2026 كتب
    Library of Congress Classification   NOT LOAN / إعارة داخلية مكتبة كلية العلوم الإقتصادية والعلوم التجارية وعلوم التسيير مكتبة كلية العلوم الإقتصادية والعلوم التجارية وعلوم التسيير 07/05/2026 الطابق الأرضي 025.21/198   أ/1658ن9 025.21/198 07/05/2026 07/05/2026 كتب

موارد الويب المفتوحة


© University of Algiers 3 All Rights Reserved
|
Implemented by LECHELAH Riad